|
|
|
|
| LEADER |
02555nam a22003975i 4500 |
| 001 |
34618 |
| 003 |
BD-DhAAL |
| 005 |
20230417151058.0 |
| 008 |
191203t2018 bg 000 0 eng d |
| 010 |
|
|
|a 2018330722
|
| 020 |
|
|
|a 9789849296614
|
| 025 |
|
|
|a B-E-2018330722; 24
|
| 037 |
|
|
|b Library of Congress -- New Delhi Overseas Office
|
| 040 |
|
|
|a DLC
|b eng
|c DLC
|e rda
|d BD-DhAAL
|
| 042 |
|
|
|a lcode
|
| 082 |
|
|
|a 348.5492047
|2 20
|
| 245 |
0 |
0 |
|a Bangladesh style of citation of legal authorities /
|c edited by Md. Rizwanul Islam, Nauriin Ahmed, and K. Shamsuddin Mahmood.
|
| 260 |
|
|
|a Dhaka :
|b Daily Star,
|c 2018.
|
| 300 |
|
|
|a vii, 180 pages ;
|c 22 cm.
|
| 504 |
|
|
|a Includes bibliographical references and index.
|
| 526 |
|
|
|a SOL
|
| 541 |
|
|
|a Complimentary copy, Development Book Agency
|e 34618, 40081, 40082, 40083, 40084, 40085, 41141
|
| 650 |
|
|
|a Citation of legal authorities
|z Bangladesh.
|9 37882
|
| 700 |
|
|
|a Islam, Md. Rizwanul
|9 37883
|
| 700 |
|
|
|a Ahmed, Nauriin
|9 37884
|
| 700 |
|
|
|a Mahmood, K. Shamsuddin
|9 37885
|
| 852 |
|
|
|a Ayesha Abed Library
|c General Stacks
|
| 942 |
|
|
|2 ddc
|c BK
|
| 999 |
|
|
|c 41976
|d 41976
|
| 952 |
|
|
|0 0
|1 0
|2 ddc
|4 0
|6 348_549204700000000_BAN
|7 0
|9 67349
|a BRACUL
|b BRACUL
|c GEN
|d 2019-12-03
|e Complimentary copy
|l 2
|m 12
|o 348.5492047 BAN
|p 3010034618
|r 2022-09-06
|s 2022-06-21
|t 1
|w 2019-12-03
|y BK
|
| 952 |
|
|
|0 0
|1 0
|2 ddc
|4 0
|6 348_549204700000000_BAN
|7 0
|9 72310
|a BRACUL
|b BRACUL
|c GEN
|d 2022-11-12
|e Development Book Agency
|g 250.00
|l 1
|m 12
|o 348.5492047 BAN
|p 3010040084
|r 2023-05-10
|s 2023-02-02
|t 5
|v 250.00
|w 2022-11-12
|y BK
|
| 952 |
|
|
|0 0
|1 0
|2 ddc
|4 0
|6 348_549204700000000_BAN
|7 0
|9 72311
|a BRACUL
|b BRACUL
|c GEN
|d 2022-11-12
|e Development Book Agency
|g 250.00
|l 0
|o 348.5492047 BAN
|p 3010040081
|r 2022-11-12
|t 2
|v 250.00
|w 2022-11-12
|y BK
|
| 952 |
|
|
|0 0
|1 0
|2 ddc
|4 0
|6 348_549204700000000_BAN
|7 0
|9 72312
|a BRACUL
|b BRACUL
|c GEN
|d 2022-11-12
|e Development Book Agency
|g 250.00
|l 0
|o 348.5492047 BAN
|p 3010040082
|r 2022-11-12
|t 3
|v 250.00
|w 2022-11-12
|y BK
|
| 952 |
|
|
|0 0
|1 0
|2 ddc
|4 0
|6 348_549204700000000_BAN
|7 0
|9 72313
|a BRACUL
|b BRACUL
|c GEN
|d 2022-11-12
|e Development Book Agency
|g 250.00
|l 1
|m 17
|o 348.5492047 BAN
|p 3010040085
|r 2023-06-01
|s 2023-01-31
|t 6
|v 250.00
|w 2022-11-12
|y BK
|
| 952 |
|
|
|0 0
|1 0
|2 ddc
|4 0
|6 348_549204700000000_BAN
|7 0
|9 72314
|a BRACUL
|b BRACUL
|c GEN
|d 2022-11-12
|e Development Book Agency
|g 250.00
|l 0
|o 348.5492047 BAN
|p 3010040083
|r 2022-11-12
|t 4
|v 250.00
|w 2022-11-12
|y BK
|
| 952 |
|
|
|0 0
|1 0
|2 ddc
|4 0
|6 348_549204700000000_BAN
|7 0
|9 73564
|a BRACUL
|b BRACUL
|c GEN
|d 2023-04-17
|e Complimentary copy
|g 250.00
|l 1
|o 348.5492047 BAN
|p 3010041141
|r 2025-02-09
|s 2025-02-06
|t 7
|w 2023-04-17
|y BK
|